[Event "Aurora Spring op"]
[Site "Aurora CAN"]
[Date "2018.03.24"]
[Round "3.3"]
[White "Plotkin, Victor"]
[Black "Cormier, Adam"]
[Result "1-0"]
[WhiteElo "2250"]
[BlackElo "2009"]
[PlyCount "59"]
[EventDate "2018.03.24"]
[EventType "swiss"]
[EventRounds "5"]
[EventCountry "CAN"]

1. d4 d5 2. Nf3 e6 3. c4 c6 4. e3 Nf6 5. Bd3 dxc4 6. Bxc4 b5 7. Bd3 Bb7 8. O-O
a6 9. Qe2 Nbd7 10. a4 Bd6 11. Nbd2 O-O 12. e4 e5 13. dxe5 Bxe5 14. Nxe5 Nxe5
15. Bc2 Re8 16. Nb3 Nc4 17. Nc5 Bc8 18. f3 Qe7 19. Qf2 Nd7 20. Nd3 Bb7 21. b3
Nce5 22. Nf4 c5 23. Rd1 Nf6 24. Bb2 Red8 25. Nd3 Nfd7 26. Bxe5 Nxe5 27. Qxc5
Qxc5+ 28. Nxc5 Rdc8 29. Nxb7 Rxc2 30. axb5 1-0

[Event "Aurora Spring op"]
[Site "Aurora CAN"]
[Date "2018.03.24"]
[Round "3.4"]
[White "Qiao, Cindy"]
[Black "Noritsyn, Sergey"]
[Result "0-1"]
[WhiteElo "1765"]
[BlackElo "2083"]
[PlyCount "100"]
[EventDate "2018.03.24"]
[EventType "swiss"]
[EventRounds "5"]
[EventCountry "CAN"]

1. e4 c5 2. Nf3 d6 3. d4 cxd4 4. Qxd4 a6 5. h3 Nc6 6. Qe3 g6 7. c4 Bg7 8. Nc3
e6 9. b3 Nge7 10. Bb2 O-O 11. Bd3 d5 12. exd5 exd5 13. Qd2 Nb4 14. O-O Nxd3 15.
Qxd3 Bf5 16. Qe2 dxc4 17. Rfd1 Bd3 18. Qe3 Nf5 19. Qf4 Qa5 20. Na4 Bh6 21. Qe5
Qxe5 22. Nxe5 Bc2 23. Rd7 cxb3 24. axb3 Bxb3 25. Nc5 Be6 26. Rxb7 Bg7 27. Rxa6
Rxa6 28. Nxa6 Nh4 29. Rb4 g5 30. Nd3 Rd8 31. Nac5 Bxb2 32. Rxb2 Bc4 33. Rd2 Ng6
34. Rd1 Rd5 35. Ne4 Rxd3 36. Rc1 Bd5 37. Nxg5 h6 38. Nf3 Bxf3 39. gxf3 Rxf3 40.
Kg2 Ra3 41. Rc8+ Kg7 42. Rc6 Nf4+ 43. Kg1 Nxh3+ 44. Kg2 Nf4+ 45. Kh2 Nd3 46.
Rc2 Ra5 47. Rd2 Rh5+ 48. Kg3 Rg5+ 49. Kh2 Ne5 50. Re2 Nf3+ 0-1

[Event "Aurora Spring op"]
[Site "Aurora CAN"]
[Date "2018.03.24"]
[Round "3.5"]
[White "Ning, Eric"]
[Black "Surya, Benito"]
[Result "0-1"]
[WhiteElo "1832"]
[BlackElo "1853"]
[PlyCount "102"]
[EventDate "2018.03.24"]
[EventType "swiss"]
[EventRounds "5"]
[EventCountry "CAN"]

1. d4 d5 2. c4 e6 3. Nc3 c5 4. Nf3 Nc6 5. cxd5 exd5 6. Bf4 Nf6 7. e3 a6 8. Bd3
Be7 9. O-O O-O 10. h3 c4 11. Bc2 b5 12. Ne5 Bb7 13. a3 Qb6 14. g4 Rfd8 15. g5
Ne8 16. Bxh7+ Kf8 17. Qh5 Nxe5 18. Bxe5 Bd6 19. Bxd6+ Qxd6 20. Bc2 Ke7 21. Qf3
Nc7 22. Rfe1 Ne6 23. Qg2 Rh8 24. f4 f6 25. g6 Rh6 26. Ne2 Nc7 27. Ng3 Bc8 28.
Bf5 Be6 29. Qf3 Kd7 30. Kf2 Rah8 31. Rh1 Na8 32. Bxe6+ Qxe6 33. f5 Qd6 34. Ne2
Rh5 35. Rag1 Nb6 36. Rb1 Kc8 37. Kg2 Rg5+ 38. Ng3 Rh4 39. Kf2 Kd8 40. Rbd1 Nc8
41. Rdf1 Ne7 42. Rhg1 Rxh3 43. Qf4 Qxf4+ 44. exf4 Rg4 45. Kf3 Rgh4 46. Rh1 Nxf5
47. Rxh3 Rxh3 48. Kg4 Nxg3 49. Rb1 Rh1 50. Rxh1 Nxh1 51. Kf3 a5 0-1

[Event "Aurora Spring op"]
[Site "Aurora CAN"]
[Date "2018.03.24"]
[Round "3.6"]
[White "Kang, Dorian"]
[Black "Colvin, Andrew"]
[Result "1/2-1/2"]
[WhiteElo "1883"]
[BlackElo "1797"]
[PlyCount "56"]
[EventDate "2018.03.24"]
[EventType "swiss"]
[EventRounds "5"]
[EventCountry "CAN"]

1. c4 e5 2. Nc3 Nf6 3. Nf3 Nc6 4. g3 Bb4 5. Bg2 O-O 6. O-O Bxc3 7. dxc3 Re8 8.
Qc2 d6 9. e4 Be6 10. b3 h6 11. Ba3 b6 12. Rad1 Qc8 13. Rfe1 Bg4 14. Ra1 Qe6 15.
Nd2 Bh3 16. Nf1 Ne7 17. Ne3 Bxg2 18. Kxg2 g6 19. Rad1 Kg7 20. Bc1 Nh5 21. Qd2
Rh8 22. Nd5 Nxd5 23. cxd5 Qd7 24. c4 Raf8 25. Bb2 f6 26. h3 Rf7 27. Rf1 Kh7 28.
Kh2 Re8 1/2-1/2

[Event "Aurora Spring op"]
[Site "Aurora CAN"]
[Date "2018.03.24"]
[Round "3.7"]
[White "Li, William"]
[Black "Chakkoli, Shiva"]
[Result "1-0"]
[WhiteElo "1918"]
[BlackElo "1671"]
[PlyCount "79"]
[EventDate "2018.03.24"]
[EventType "swiss"]
[EventRounds "5"]
[EventCountry "CAN"]

1. e4 e5 2. Nf3 Nc6 3. d4 exd4 4. Bc4 Be7 5. c3 d6 6. cxd4 Nf6 7. Nc3 O-O 8.
Bb3 h6 9. h3 Re8 10. O-O Bf8 11. Re1 Rb8 12. Qd3 a6 13. Bf4 b5 14. Rad1 Na5 15.
Bc2 Nc4 16. Bc1 g6 17. g4 Nh7 18. b3 Nb6 19. Ne2 Bb7 20. Ng3 Bg7 21. h4 Nf8 22.
h5 Qd7 23. Nh2 g5 24. Nf5 f6 25. f4 Re6 26. Nf3 Rbe8 27. d5 R6e7 28. Nxe7+ Rxe7
29. f5 Qe8 30. Bb2 Nfd7 31. Bd4 c5 32. dxc6 Bxc6 33. Bxb6 Nxb6 34. Qxd6 Bxe4
35. Bxe4 Rxe4 36. Rxe4 Qxe4 37. Qe6+ Qxe6 38. fxe6 Kf8 39. Rd6 Na8 40. Rd8+ 1-0

[Event "Aurora Spring op"]
[Site "Aurora CAN"]
[Date "2018.03.24"]
[Round "3.8"]
[White "Fradkin, Benjamin"]
[Black "Ferreira, Alex"]
[Result "0-1"]
[WhiteElo "1916"]
[BlackElo "1933"]
[PlyCount "96"]
[EventDate "2018.03.24"]
[EventType "swiss"]
[EventRounds "5"]
[EventCountry "CAN"]

1. d4 d5 2. Bf4 Nf6 3. Nf3 Bf5 4. e3 e6 5. Be2 Bd6 6. Ne5 O-O 7. O-O Nfd7 8.
Nd2 Bxe5 9. dxe5 c5 10. c4 Nc6 11. cxd5 exd5 12. Nb3 Be6 13. Bg3 d4 14. exd4
Bxb3 15. axb3 Nxd4 16. Bc4 Nb6 17. f4 Nxc4 18. bxc4 Qb6 19. f5 Qxb2 20. Qg4 Qe2
21. Qh4 Qxc4 22. Kh1 Qd3 23. Rad1 Qe2 24. Rde1 Qd3 25. Rd1 Qe2 26. Rde1 Qa6 27.
Qg4 Qd3 28. Rd1 Qe2 29. Qf4 Rad8 30. Rde1 Qh5 31. Qe4 Nc6 32. Qc4 b6 33. e6
Rfe8 34. h3 fxe6 35. Rxe6 Qf7 36. Rfe1 Rf8 37. Qe4 Nd4 38. Re7 Nxf5 39. Qb7
Nxg3+ 40. Kh2 Qf6 41. R1e6 Qd4 42. Re5 Nf5 43. R7e6 Qf4+ 44. Kg1 Rd1+ 45. Re1
Qd4+ 46. Kh2 Rxe1 47. Rxe1 Qf4+ 48. Kg1 Ne3 0-1

[Event "Aurora Spring op"]
[Site "Aurora CAN"]
[Date "2018.03.25"]
[Round "4.1"]
[White "Rek, Slava"]
[Black "Hambleton, Aman"]
[Result "1/2-1/2"]
[WhiteElo "2124"]
[BlackElo "2501"]
[PlyCount "114"]
[EventDate "2018.03.24"]
[EventType "swiss"]
[EventRounds "5"]
[EventCountry "CAN"]

1. d4 Nf6 2. Bf4 d5 3. e3 c5 4. c3 Nc6 5. Nf3 Qb6 6. b3 Bg4 7. Be2 e6 8. O-O
Be7 9. Nbd2 O-O 10. h3 Bxf3 11. Bxf3 Rac8 12. dxc5 Qxc5 13. Rc1 Qa3 14. Rc2
Rfd8 15. Qb1 h6 16. Rfc1 Bd6 17. Bxd6 Qxd6 18. Qb2 a5 19. a3 b6 20. Be2 e5 21.
Bf1 Rc7 22. b4 Ne7 23. c4 axb4 24. axb4 Rdc8 25. g3 Qe6 26. cxd5 Rxc2 27. Rxc2
Rxc2 28. Qxc2 Nexd5 29. Qb3 Qe7 30. b5 Nc7 31. Qc3 Qd6 32. Nc4 Nxb5 33. Qb2 Qc5
34. Nxb6 Qxb6 35. Qxb5 Qc7 36. Bc4 g6 37. Bd5 Kg7 38. Qb7 Qxb7 39. Bxb7 Nd7 40.
h4 Nc5 41. Bd5 Kf6 42. Kg2 Ke7 43. f4 f5 44. fxe5 Nd3 45. e6 Nc5 46. Kf3 Nxe6
47. Bxe6 Kxe6 48. Kf4 Kf6 49. e4 g5+ 50. hxg5+ hxg5+ 51. Kf3 Ke5 52. exf5 Kxf5
53. g4+ Ke5 54. Ke3 Kd5 55. Kd3 Ke5 56. Ke3 Kd5 57. Kd3 Ke5 1/2-1/2

[Event "Aurora Spring op"]
[Site "Aurora CAN"]
[Date "2018.03.25"]
[Round "4.4"]
[White "Surya, Benito"]
[Black "Kang, Dorian"]
[Result "0-1"]
[WhiteElo "1853"]
[BlackElo "1883"]
[PlyCount "58"]
[EventDate "2018.03.24"]
[EventType "swiss"]
[EventRounds "5"]
[EventCountry "CAN"]

1. e4 c5 2. Ne2 Nc6 3. Nbc3 Nf6 4. g3 g6 5. Bg2 Bg7 6. O-O d6 7. d3 O-O 8. h3
Rb8 9. Be3 b5 10. a3 a5 11. Qd2 b4 12. axb4 axb4 13. Nd1 Ne8 14. f4 Nd4 15.
Bxd4 cxd4 16. b3 Qb6 17. Nb2 Nc7 18. Nc4 Qc5 19. Ra5 Rb5 20. Rfa1 Bb7 21. R1a4
Bc6 22. Ra7 Rc8 23. Nc1 d5 24. exd5 Bxd5 25. Na2 Bxg2 26. Kxg2 Nd5 27. R7a5
Ne3+ 28. Nxe3 dxe3 29. Qxb4 Qxc2+ 0-1

[Event "Aurora Spring op"]
[Site "Aurora CAN"]
[Date "2018.03.25"]
[Round "4.5"]
[White "Mindrigan, Dumitru"]
[Black "Rusonik, Max"]
[Result "0-1"]
[WhiteElo "2018"]
[BlackElo "1806"]
[PlyCount "134"]
[EventDate "2018.03.24"]
[EventType "swiss"]
[EventRounds "5"]
[EventCountry "CAN"]

1. d4 f5 2. g3 Nf6 3. Bg2 g6 4. Nh3 Bg7 5. O-O O-O 6. c4 d6 7. Nc3 c6 8. d5 e5
9. dxe6 Bxe6 10. Qd3 Na6 11. Bf4 d5 12. cxd5 Nb4 13. Qd2 Nbxd5 14. Nxd5 Bxd5
15. Bxd5+ Nxd5 16. Bh6 Qf6 17. Bxg7 Kxg7 18. e3 Rad8 19. Qe2 Rfe8 20. Rad1 Re4
21. Rd3 Rde8 22. Qf3 a5 23. Rfd1 a4 24. a3 R8e7 25. Kg2 Kh6 26. Nf4 Nxf4+ 27.
gxf4 Kg7 28. Qg3 c5 29. h4 Rc7 30. h5 Ree7 31. Rh1 Rcd7 32. h6+ Kf7 33. Rhd1
Qc6+ 34. Qf3 Qxf3+ 35. Kxf3 Ke6 36. Ke2 Rxd3 37. Rxd3 Rd7 38. Rxd7 Kxd7 39. Kd3
b5 40. Kc3 Ke6 41. b3 axb3 42. Kxb3 Kf6 43. a4 c4+ 44. Kb4 c3 45. Kxc3 bxa4 46.
Kb4 g5 47. fxg5+ Kxg5 48. Kxa4 Kxh6 49. Kb4 Kg5 50. Kc4 h5 51. Kd3 h4 52. Ke2
Kg4 53. Kf1 Kf3 54. Kg1 h3 55. Kh2 Kxf2 56. Kxh3 Kxe3 57. Kg2 f4 58. Kf1 Kf3
59. Kg1 Ke2 60. Kg2 f3+ 61. Kg3 f2 62. Kg4 f1=Q 63. Kg5 Ke3 64. Kg4 Ke4 65. Kg3
Qg1+ 66. Kh4 Kf4 67. Kh5 Qg5# 0-1

[Event "Aurora Spring op"]
[Site "Aurora CAN"]
[Date "2018.03.25"]
[Round "4.6"]
[White "Colvin, Andrew"]
[Black "Berengolts, Isai"]
[Result "1/2-1/2"]
[WhiteElo "1797"]
[BlackElo "2041"]
[PlyCount "68"]
[EventDate "2018.03.24"]
[EventType "swiss"]
[EventRounds "5"]
[EventCountry "CAN"]

1. d4 d6 2. c4 e5 3. d5 f5 4. Nc3 Nf6 5. g3 Be7 6. Bg2 Nbd7 7. Qc2 g6 8. Nf3
Nc5 9. b4 Nce4 10. Nd2 Nxd2 11. Bxd2 Nd7 12. O-O O-O 13. Rac1 b6 14. Qb3 e4 15.
Nb5 Bf6 16. Bc3 Ne5 17. Rfd1 Ba6 18. Bxe5 Bxe5 19. Nd4 Bxd4 20. Rxd4 Qf6 21. e3
Rfb8 22. Qc3 Kf7 23. Rdd1 Qxc3 24. Rxc3 Ke7 25. Bf1 Rd8 26. a4 Bb7 27. c5 dxc5
28. bxc5 Rxd5 29. Rxd5 Bxd5 30. cxb6 axb6 31. Rxc7+ Ke6 32. Bb5 h5 33. Bc6 Bxc6
34. Rxc6+ Kf7 1/2-1/2

[Event "Aurora Spring op"]
[Site "Aurora CAN"]
[Date "2018.03.25"]
[Round "4.7"]
[White "Cormier, Adam"]
[Black "Ning, Eric"]
[Result "1-0"]
[WhiteElo "2009"]
[BlackElo "1832"]
[PlyCount "131"]
[EventDate "2018.03.24"]
[EventType "swiss"]
[EventRounds "5"]
[EventCountry "CAN"]

1. d4 Nf6 2. c4 g6 3. g3 Bg7 4. Bg2 d5 5. cxd5 Nxd5 6. Nc3 Nxc3 7. bxc3 c5 8.
e3 Qa5 9. Bd2 Nc6 10. Ne2 O-O 11. O-O Rd8 12. Qc2 Qa6 13. Rfe1 e5 14. d5 Na5
15. e4 Nc4 16. Bg5 f6 17. Bc1 Bd7 18. Bf1 Ba4 19. Qd3 b5 20. a3 Bf8 21. g4 Nd6
22. Ng3 g5 23. Nh5 Ne8 24. h4 h6 25. Qf3 Rd6 26. Qf5 Qb7 27. Be3 Rc8 28. Rab1
a6 29. c4 Rb6 30. Rec1 Ng7 31. Nxg7 Kxg7 32. h5 Kh8 33. cxb5 axb5 34. Rc3 Rc7
35. Rbc1 Qc8 36. Qxc8 Rxc8 37. Bxc5 Rxc5 38. Rxc5 Bxc5 39. Rxc5 b4 40. axb4
Rxb4 41. Bc4 Rb6 42. Rc7 Rd6 43. f3 Rd7 44. Rc8+ Kg7 45. Ra8 Bc2 46. Bb5 Rd6
47. Ra7+ Kg8 48. Bd7 Bd3 49. Be6+ Kh8 50. Ra3 Bb5 51. Rb3 Ba6 52. Rb8+ Kg7 53.
Rg8+ Kh7 54. Rf8 Rb6 55. Rxf6 Rb1+ 56. Kf2 Rb2+ 57. Ke1 Bc4 58. Bf5+ Kg7 59.
Rg6+ Kf7 60. Rxh6 Rb3 61. Rc6 Bb5 62. Rc7+ Kf8 63. h6 Rxf3 64. h7 Rh3 65. Bg6
Be8 66. Bxe8 1-0

[Event "Aurora Spring op"]
[Site "Aurora CAN"]
[Date "2018.03.25"]
[Round "4.8"]
[White "Ferreira, Alex"]
[Black "Li, William"]
[Result "0-1"]
[WhiteElo "1933"]
[BlackElo "1918"]
[PlyCount "80"]
[EventDate "2018.03.24"]
[EventType "swiss"]
[EventRounds "5"]
[EventCountry "CAN"]

1. e4 c5 2. Nf3 d6 3. d4 cxd4 4. Nxd4 Nf6 5. Nc3 a6 6. a4 e5 7. Nf3 h6 8. Bc4
Be7 9. O-O O-O 10. Nh4 Be6 11. Bxe6 fxe6 12. Ng6 Rf7 13. f4 Nc6 14. fxe5 dxe5
15. Be3 Bb4 16. Na2 Rd7 17. Qe2 Bd2 18. Bc5 b6 19. Nf8 bxc5 20. Nxd7 Qxd7 21.
Rad1 Qd4+ 22. Kh1 Qxb2 23. Qc4 Rd8 24. Rb1 Qa3 25. Qxe6+ Kh7 26. Qxc6 Qxa2 27.
Rb7 Bg5 28. Qxc5 Qxa4 29. Rxg7+ Kxg7 30. Qe7+ Kg6 31. Qxd8 Qxc2 32. Qa8 Qc4 33.
Ra1 Qxe4 34. Qxa6 Qd4 35. Rf1 Qd5 36. Qa4 e4 37. Rd1 Qf5 38. Qc4 Qe5 39. h3 Qg3
40. Rf1 Bf4 0-1

[Event "Aurora Spring op"]
[Site "Aurora CAN"]
[Date "2018.03.25"]
[Round "4.9"]
[White "Zhao, Jeffrey Renfei"]
[Black "Qiao, Cindy"]
[Result "1/2-1/2"]
[WhiteElo "1706"]
[BlackElo "1765"]
[PlyCount "73"]
[EventDate "2018.03.24"]
[EventType "swiss"]
[EventRounds "5"]
[EventCountry "CAN"]

1. e4 c5 2. Nf3 d6 3. d4 cxd4 4. Nxd4 Nf6 5. Nc3 g6 6. Be3 Bg7 7. f3 Nc6 8. Be2
O-O 9. Qd2 Bd7 10. O-O-O Nxd4 11. Bxd4 Qa5 12. Kb1 e6 13. Bxf6 Bxf6 14. Nd5 Qd8
15. Nxf6+ Qxf6 16. Qxd6 Rfd8 17. e5 Qg5 18. g3 Ba4 19. f4 Bxc2+ 20. Kxc2 Qf5+
21. Bd3 Rxd6 22. Bxf5 Rc6+ 23. Kb1 exf5 24. Rd7 b6 25. Rhd1 a5 26. Rd8+ Rxd8
27. Rxd8+ Kg7 28. Rd7 Kf8 29. Rb7 h6 30. b3 f6 31. exf6 Rxf6 32. Kc2 Ke8 33. h4
Kd8 34. Kd3 Rd6+ 35. Kc3 Kc8 36. Rg7 h5 37. a4 1/2-1/2

[Event "Aurora Spring op"]
[Site "Aurora CAN"]
[Date "2018.03.25"]
[Round "5.2"]
[White "Plotkin, Victor"]
[Black "Rek, Slava"]
[Result "1/2-1/2"]
[WhiteElo "2250"]
[BlackElo "2124"]
[PlyCount "107"]
[EventDate "2018.03.24"]
[EventType "swiss"]
[EventRounds "5"]
[EventCountry "CAN"]

1. e4 e5 2. Nf3 Nc6 3. Bc4 Nf6 4. d3 Bc5 5. O-O h6 6. Nc3 O-O 7. h3 d6 8. Na4
Bb6 9. c3 Be6 10. Bb3 Bxb3 11. Qxb3 Qd7 12. Nxb6 axb6 13. Re1 Rfe8 14. Nh4 Qe6
15. Qxe6 fxe6 16. g3 b5 17. Bd2 Ra4 18. a3 Na5 19. Rad1 Nb3 20. Nf3 Nxd2 21.
Rxd2 c5 22. d4 exd4 23. cxd4 e5 24. dxe5 dxe5 25. Nh4 Rd4 26. Rde2 Kf7 27. Nf5
Rd3 28. Rc1 b6 29. Rc3 Red8 30. Rxd3 Rxd3 31. Kg2 Ke8 32. Re3 Rxe3 33. Nxe3 Kd7
34. f3 Ke6 35. Kf2 g6 36. Ke2 h5 37. h4 b4 38. axb4 cxb4 39. Kd3 b5 40. b3 Nd7
41. Nd5 Nc5+ 42. Kc2 Kd6 43. Nxb4 Ne6 44. Nd5 Nd4+ 45. Kc3 Nxf3 46. Kb4 Nd2 47.
Nf6 Ke6 48. Kc3 Nf1 49. Nh7 Nxg3 50. Kd3 Nf1 51. Nf8+ Kf7 52. Nd7 Ke6 53. Nf8+
Kf7 54. Nd7 1/2-1/2

[Event "Aurora Spring op"]
[Site "Aurora CAN"]
[Date "2018.03.25"]
[Round "5.4"]
[White "Kang, Dorian"]
[Black "Cormier, Adam"]
[Result "1/2-1/2"]
[WhiteElo "1883"]
[BlackElo "2009"]
[PlyCount "71"]
[EventDate "2018.03.24"]
[EventType "swiss"]
[EventRounds "5"]
[EventCountry "CAN"]

1. c4 c5 2. Nc3 Nc6 3. e3 Nf6 4. d4 cxd4 5. exd4 d5 6. Nf3 g6 7. cxd5 Nxd5 8.
Bc4 Nxc3 9. bxc3 Bg7 10. O-O O-O 11. Bf4 Bg4 12. h3 Bxf3 13. Qxf3 Rc8 14. Bb3
b5 15. Rad1 Na5 16. Rfe1 Nc4 17. Bg5 f6 18. Bf4 Qd7 19. Qe2 Kf7 20. Bc1 e6 21.
Ba3 Rfe8 22. Bc5 Nb6 23. Bxb6 axb6 24. Qd3 Kf8 25. Qe3 Rc6 26. c4 f5 27. cxb5
Rd6 28. d5 exd5 29. Qxe8+ Qxe8 30. Rxe8+ Kxe8 31. Bxd5 Kd7 32. Bc6+ Ke7 33. Rb1
Rd2 34. Re1+ Kd6 35. a3 Bd4 36. Rf1 1/2-1/2

[Event "Aurora Spring op"]
[Site "Aurora CAN"]
[Date "2018.03.25"]
[Round "5.5"]
[White "Noritsyn, Sergey"]
[Black "Colvin, Andrew"]
[Result "1-0"]
[WhiteElo "2083"]
[BlackElo "1797"]
[PlyCount "63"]
[EventDate "2018.03.24"]
[EventType "swiss"]
[EventRounds "5"]
[EventCountry "CAN"]

1. e4 e5 2. Nf3 Nc6 3. d4 exd4 4. Nxd4 Bc5 5. Nxc6 Qf6 6. Qd2 dxc6 7. Nc3 Be6
8. Na4 Rd8 9. Bd3 Bd6 10. f4 Qd4 11. Nc3 Bb4 12. a3 Bxc3 13. bxc3 Qb6 14. Qe2
Ne7 15. f5 Qa5 16. O-O Bc8 17. c4 O-O 18. Bd2 Qe5 19. Bf4 Qd4+ 20. Kh1 Rfe8 21.
Qf3 c5 22. Qg3 Nc6 23. Bxc7 Rd7 24. f6 g6 25. Qh4 Re6 26. Bg3 h5 27. Qg5 Kh7
28. Rae1 Ne5 29. Bf4 Ng4 30. e5 Nf2+ 31. Rxf2 Qxf2 32. Qh6+ 1-0

[Event "Aurora Spring op"]
[Site "Aurora CAN"]
[Date "2018.03.25"]
[Round "5.6"]
[White "Berengolts, Isai"]
[Black "Surya, Benito"]
[Result "0-1"]
[WhiteElo "2041"]
[BlackElo "1853"]
[PlyCount "104"]
[EventDate "2018.03.24"]
[EventType "swiss"]
[EventRounds "5"]
[EventCountry "CAN"]

1. e4 d5 2. exd5 Qxd5 3. Nc3 Qa5 4. Bc4 Nf6 5. d4 Nc6 6. Bb3 Bg4 7. Qd3 O-O-O
8. Be3 Bf5 9. Qb5 Qxb5 10. Nxb5 a6 11. Nc3 Nxd4 12. Bxd4 Rxd4 13. Nf3 Rg4 14.
h3 Rxg2 15. Kf1 Rg6 16. Ne5 e6 17. Nxg6 hxg6 18. Kg2 Rh4 19. Rad1 Nh7 20. Ne2
Ng5 21. Nd4 Bxh3+ 22. Rxh3 Nxh3 23. Nxe6 Bd6 24. Rd3 Nf4+ 25. Nxf4 Rg4+ 26. Rg3
Rxf4 27. Rf3 Rg4+ 28. Kf1 f5 29. Bf7 Be5 30. b3 Kd7 31. Re3 Kd6 32. a4 a5 33.
Rf3 Ke7 34. Bc4 Kf6 35. Be2 Rh4 36. Bd3 b6 37. Kg2 Rh2+ 38. Kg1 Rh8 39. Kg2 Bd4
40. Kf1 Re8 41. Bb5 Re5 42. Rd3 Bc5 43. Rd7 Re7 44. Rxe7 Bxe7 45. Kg2 g5 46. f3
Ke5 47. Bd7 Kf4 48. Be6 g4 49. Bd5 gxf3+ 50. Bxf3 g5 51. Bc6 g4 52. Bd7 Kg5 0-1

[Event "Aurora Spring op"]
[Site "Aurora CAN"]
[Date "2018.03.25"]
[Round "5.7"]
[White "Li, William"]
[Black "Mindrigan, Dumitru"]
[Result "1/2-1/2"]
[WhiteElo "1918"]
[BlackElo "2018"]
[PlyCount "83"]
[EventDate "2018.03.24"]
[EventType "swiss"]
[EventRounds "5"]
[EventCountry "CAN"]

1. e4 c5 2. Nf3 Nc6 3. Bb5 g6 4. O-O Bg7 5. Re1 Nf6 6. e5 Nd5 7. Nc3 Nc7 8.
Bxc6 dxc6 9. Ne4 b6 10. d3 O-O 11. h3 Bf5 12. Ng3 Qc8 13. Bg5 Re8 14. Qd2 Qd7
15. Nh4 Be6 16. Bh6 c4 17. Bxg7 Kxg7 18. Re4 cxd3 19. cxd3 Red8 20. d4 c5 21.
Nf3 h6 22. Rh4 Rh8 23. dxc5 Qxd2 24. Nxd2 bxc5 25. Ra4 Rhd8 26. Nde4 Rd5 27.
Rc1 Bd7 28. Rac4 Ne6 29. Nxc5 Nxc5 30. Rxc5 Rd2 31. R1c2 Rd1+ 32. Kh2 Be6 33.
Ra5 Ra1 34. b4 h5 35. Rb2 h4 36. Nh1 Rd8 37. f3 Rd7 38. Nf2 g5 39. a4 Kg6 40.
Ne4 Rdd1 41. Nf2 Rd7 42. Ne4 1/2-1/2

[Event "Aurora Spring op"]
[Site "Aurora CAN"]
[Date "2018.03.25"]
[Round "5.8"]
[White "Qiao, Cindy"]
[Black "Ning, Eric"]
[Result "1/2-1/2"]
[WhiteElo "1765"]
[BlackElo "1832"]
[PlyCount "57"]
[EventDate "2018.03.24"]
[EventType "swiss"]
[EventRounds "5"]
[EventCountry "CAN"]

1. e4 c5 2. Nf3 Nc6 3. Bb5 g6 4. d3 Bg7 5. Bxc6 bxc6 6. Nc3 e5 7. O-O Ne7 8.
Be3 d6 9. h3 O-O 10. Qc1 f5 11. Bh6 fxe4 12. Bxg7 Kxg7 13. dxe4 h6 14. Rd1 Qc7
15. Qe3 Rf6 16. b3 g5 17. Nd2 Ba6 18. Nc4 Ng6 19. Rd2 Kf7 20. Rad1 Bxc4 21.
bxc4 Rb8 22. Ne2 Ke7 23. Ng3 Nh4 24. Nh5 Rf7 25. Rxd6 Qxd6 26. Rxd6 Kxd6 27.
Qd3+ Kc7 28. Qe3 Kd6 29. Qd3+ 1/2-1/2

[Event "Aurora Spring op"]
[Site "Aurora CAN"]
[Date "2018.03.25"]
[Round "5.9"]
[White "Fradkin, Benjamin"]
[Black "Zhao, Jeffrey Renfei"]
[Result "1/2-1/2"]
[WhiteElo "1916"]
[BlackElo "1706"]
[PlyCount "127"]
[EventDate "2018.03.24"]
[EventType "swiss"]
[EventRounds "5"]
[EventCountry "CAN"]

1. d4 d5 2. Bf4 Nf6 3. e3 e6 4. Nf3 Bd6 5. Ne5 O-O 6. Bd3 c5 7. c3 Nc6 8. Nd2
Qc7 9. Ndf3 b6 10. O-O Bb7 11. Rc1 Ne4 12. c4 Rfd8 13. Qe2 f6 14. Nxc6 Bxc6 15.
cxd5 Bxd5 16. dxc5 Bxf4 17. cxb6 Bxh2+ 18. Nxh2 Qxb6 19. Qc2 Qb7 20. Qa4 Rd6
21. Rfd1 Rc6 22. Rxc6 Bxc6 23. Qd4 e5 24. Qc4+ Bd5 25. Bxe4 Bxc4 26. Bxb7 Rb8
27. Bd5+ Bxd5 28. Rxd5 Rxb2 29. Ra5 Rb7 30. Nf3 Kf7 31. Ra6 Re7 32. Nd2 Kg6 33.
Nc4 Kg5 34. Nd6 Rd7 35. f3 f5 36. Kh2 h5 37. a4 h4 38. e4 f4 39. Nb5 Rd1 40.
Rxa7 g6 41. Nc7 h3 42. Ra8 hxg2 43. Kxg2 Rd2+ 44. Kf1 Rd3 45. Ke2 Re3+ 46. Kf2
Rc3 47. Nd5 Rc2+ 48. Ke1 Kh4 49. a5 Kg3 50. a6 Kxf3 51. Rb8 Ra2 52. Rb3+ Kg2
53. Nb4 Ra1+ 54. Kd2 f3 55. Nc2 f2 56. Rb6 Rd1+ 57. Kxd1 f1=Q+ 58. Ne1+ Kh3 59.
a7 Qf8 60. Rb8 Qd6+ 61. Ke2 Qa6+ 62. Nd3 Qxa7 63. Rh8+ Kg3 64. Re8 1/2-1/2

[Event "Aurora Spring op"]
[Site "Aurora CAN"]
[Date "2018.03.25"]
[Round "5.10"]
[White "Chakkoli, Shiva"]
[Black "Ferreira, Alex"]
[Result "0-1"]
[WhiteElo "1671"]
[BlackElo "1933"]
[PlyCount "154"]
[EventDate "2018.03.24"]
[EventType "swiss"]
[EventRounds "5"]
[EventCountry "CAN"]

1. e4 e5 2. Nf3 Nc6 3. Bb5 Nf6 4. Bxc6 dxc6 5. d3 Bc5 6. h3 O-O 7. O-O Re8 8.
Bg5 Qd6 9. Nbd2 b5 10. Kh2 h6 11. Be3 Bxe3 12. fxe3 c5 13. Qe1 Nh7 14. Qg3 Qg6
15. Qxg6 fxg6 16. Nh4 g5 17. Nf5 Bxf5 18. exf5 Nf6 19. a4 a6 20. e4 c4 21. dxc4
Rad8 22. Rf2 bxc4 23. c3 Rd3 24. Re2 g4 25. Nxc4 g3+ 26. Kg1 Red8 27. Kf1 Rd1+
28. Rxd1 Rxd1+ 29. Re1 Rxe1+ 30. Kxe1 Nxe4 31. Nxe5 Nd6 32. a5 Nxf5 33. Ke2 Kf8
34. Kf3 Ke7 35. Nc6+ Kd6 36. Nb4 c5 37. Nxa6 Kc6 38. b4 cxb4 39. Nxb4+ Kb5 40.
a6 Kb6 41. Kf4 g6 42. c4 h5 43. c5+ Ka7 44. c6 Kb6 45. Ke5 Ne3 46. Kd6 Nc4+ 47.
Ke6 g5 48. Kd7 Ne5+ 49. Kc8 h4 50. c7 g4 51. Kb8 Nd7+ 52. Kc8 Nc5 53. Nd5+ Ka7
54. hxg4 h3 55. Nf4 h2 56. Kd8 h1=Q 57. c8=Q Qh8+ 58. Kc7 Nxa6+ 59. Kd7 Qd4+
60. Ke6 Qxf4 61. Qd7+ Nc7+ 62. Ke7 Kb7 63. Qf5 Qe3+ 64. Kf7 Qe8+ 65. Kf6 Kc6
66. Kg5 Qe7+ 67. Kf4 Qd6+ 68. Qe5 Nd5+ 69. Ke4 Qb4+ 70. Kf5 Qf8+ 71. Kg5 Qd8+
72. Kf5 Qf8+ 73. Kg5 Qf2 74. Qe8+ Kd6 75. Qb8+ Ke6 76. Qc8+ Ke5 77. Qb7 Qf6+
0-1

[Event "Banff op playoff"]
[Site "Banff CAN"]
[Date "2018.11.12"]
[Round "8"]
[White "Findlay, Ian"]
[Black "Ginsburg, Mark"]
[Result "0-1"]
[WhiteElo "2352"]
[BlackElo "2382"]
[PlyCount "90"]
[EventDate "2018.11.12"]
[EventType "match (blitz)"]
[EventRounds "1"]
[EventCountry "CAN"]

1. e4 g6 2. d4 Bg7 3. Nc3 d6 4. Be3 a6 5. Qd2 b5 6. f3 Bb7 7. h4 h5 8. Nh3 Nd7
9. Ng5 c5 10. a4 b4 11. Ne2 Ngf6 12. c3 bxc3 13. bxc3 O-O 14. Nf4 cxd4 15. cxd4
e5 16. Nfh3 d5 17. dxe5 Nxe5 18. f4 Nc4 19. Bxc4 dxc4 20. e5 Ng4 21. Bc5 Qxd2+
22. Kxd2 Rfd8+ 23. Kc2 Bxg2 24. Rhg1 Bc6 25. a5 Rd5 26. Bb6 Rc8 27. Rgd1 Rxd1
28. Kxd1 Bd7 29. Rc1 Bf5 30. Kd2 f6 31. Nf3 Nxe5 32. fxe5 Bxh3 33. Bd4 Bh6+ 34.
Be3 Bxe3+ 35. Kxe3 Bg4 36. Nd2 fxe5 37. Rxc4 Rxc4 38. Nxc4 Kg7 39. Nxe5 Kf6 40.
Kf4 Be2 41. Nd7+ Kg7 42. Kg5 Bd3 43. Ne5 Bf5 44. Nc6 Bd3 45. Nb8 Bb5 0-1

[Event "Botvinnick"]
[Site "Quebec CAN"]
[Date "2018.01.29"]
[Round "1"]
[White "Boissinot, Claude"]
[Black "Potvin, Alain-Nicolas"]
[Result "0-1"]
[WhiteElo "1511"]
[BlackElo "1790"]
[PlyCount "86"]
[EventDate "2018.01.29"]
[EventType "swiss"]
[EventRounds "5"]
[EventCountry "CAN"]

1. e4 g6 2. d4 Bg7 3. Nf3 d6 4. Bc4 Nf6 5. e5 dxe5 6. Nxe5 O-O 7. h4 Nbd7 8. f4
c5 9. c3 cxd4 10. cxd4 Nxe5 11. fxe5 Bg4 12. Qd2 Nh5 13. Qe3 Qb6 14. Nc3 Qb4
15. b3 Bh6 16. Qd3 Bf5 17. Qf3 Be4 18. a3 Bxf3 19. axb4 Bxc1 20. Rxc1 Bxg2 21.
Rg1 Nf4 22. Rc2 Bc6 23. Rg4 Nh5 24. d5 Bd7 25. Rd4 a6 26. d6 exd6 27. Rxd6 Bf5
28. Rcd2 Rae8 29. Re2 Nf4 30. Red2 Rxe5+ 31. Kd1 Rfe8 32. Kc1 b5 33. Bd5 Nd3+
34. Rxd3 Bxd3 35. Bxf7+ Kxf7 36. Rxd3 Re3 37. Rxe3 Rxe3 38. Kc2 Rh3 39. Nd5
Rxh4 40. Nc7 Rf4 41. Nxa6 h5 42. Nc5 h4 43. Nd3 Rf5 0-1